000
00200 a2200097 4500
001
59660
100
_a
245
_a
Educational Psychology
260
_a
New Delhi
_b
APH
_c
2008
090
_c
36534
_d
36534
942
_a
NUST-CAE
_c
_c
29485
999
_c
294733
_d
294733